Les 10 Sports les plus pratiqués en France - Statistiques

Statistiques générales
  • Ce quiz a été pris 2 894 fois
  • Le résultat moyen est 7 sur 10
Statistiques - réponses
Classement Licenciés Sport % Correct
1er 2,18 Millions Football
99%
2ème 1 million Tennis
91%
4ème 678 482 Basketball
88%
6ème 456 086 Handball
81%
8ème 379 916 Natation
78%
10ème 303 048 Rugby
76%
3ème 692 400 Équitation
67%
5ème 502 002 Judo
56%
7ème 441 961 Golf
53%
9ème 316 366 Canoë-Kayak
5%
Aucun quiz correspondant
Distribution des résultats
% des personnes avec chaque résultat
Percentile par nombre de réponses
Votre historique - résultats
Vous n’avez pas pris ce quiz